[Event "cardi"]
[Site "http://www.queenalice.com/game.php?id=615593"]
[Date "2009.7.8"]
[Round "5"]
[White "Ikki_de_Fenix"]
[Black "technicaldraw"]
[Result "1-0"]
[WhiteElo "2551"]
[BlackElo "2063"]

1. e4 e6 2. Nf3 d5 3. exd5 exd5 4. d4 Nf6 5. Bd3 Bd6 6. O-O O-O 7. Bg5 Bg4 8.
Nbd2 Nbd7 9. h3 Bxf3 10. Qxf3 h6 11. Be3 Re8 12. Rfe1 c6 13. a4 a5 14. Rad1 Nf8
15. Re2 N8h7 16. c3 Qc7 17. Rde1 Ng5 18. Qf5 Qd7 19. Qxd7 Nxd7 20. f4 Ne4 21.
Bxe4 dxe4 22. Nc4 Bc7 23. f5 Nf6 24. Bf2 Rad8 25. Bh4 Rd5 26. Bxf6 gxf6 27. Rxe4
Rxe4 28. Rxe4 Kf8 29. g4 Rd7 30. Kf2 Re7 31. Rxe7 Kxe7 32. Ke3 b5 33. axb5 cxb5
34. Na3 b4 35. cxb4 axb4 36. Nc2 Ba5 37. Kd3 Kd6 38. Kc4 1-0

[Event "AUTO-ELITE-257"]
[Site "http://www.queenalice.com/game.php?id=622580"]
[Date "2009.7.21"]
[Round "2"]
[White "Plis"]
[Black "Ikki_de_Fenix"]
[Result "0-1"]
[WhiteElo "2435"]
[BlackElo "2530"]

1. e4 c5 2. Nf3 d6 3. d4 cxd4 4. Nxd4 Nf6 5. Nc3 a6 6. Be3 e5 7. Nb3 Be6 8. f3
Be7 9. Qd2 O-O 10. O-O-O Nbd7 11. g4 b5 12. g5 b4 13. Na4 Nh5 14. Qxb4 d5 15.
Nac5 Nxc5 16. Bxc5 a5 17. Qa3 Bxc5 18. Nxc5 Qxg5+ 19. Kb1 Nf4 20. Bb5 d4 21.
Nxe6 Nxe6 22. Bc4 Qf6 23. Bd5 Ra6 24. Bc4 Rc6 25. Bd5 Rb6 26. Bxe6 Qxe6 27. c3
Rfb8 28. Rd2 Qh6 29. Rhd1 Qe3 30. Qxa5 Qxf3 31. b3 Qxe4+ 32. Kb2 Rb5 33. Qc7
dxc3+ 34. Qxc3 g6 35. Rd7 Qf4 36. R1d2 Re8 37. Rd8 Rb8 0-1

[Event "AUTO-ELITE-257"]
[Site "http://www.queenalice.com/game.php?id=622581"]
[Date "2009.7.21"]
[Round "2"]
[White "Ikki_de_Fenix"]
[Black "Plis"]
[Result "1/2-1/2"]
[WhiteElo "2537"]
[BlackElo "2429"]

1. d4 Nf6 2. c4 g6 3. Nc3 d5 4. cxd5 Nxd5 5. e4 Nxc3 6. bxc3 Bg7 7. Bc4 c5 8.
Ne2 Nc6 9. Be3 O-O 10. O-O Bg4 11. f3 Na5 12. Bxf7+ Rxf7 13. fxg4 Rxf1+ 14. Kxf1
cxd4 15. cxd4 e5 16. d5 Nc4 17. Qd3 Nxe3+ 18. Qxe3 Qh4 19. h3 Bh6 20. Qd3 Rf8+
21. Kg1 Qf2+ 22. Kh1 Qe3 23. Qxe3 Bxe3 24. Ng1 Rf2 25. a4 Kf7 26. Ra3 Bc5 27.
Rf3+ Ke7 28. Rxf2 Bxf2 29. Ne2 Kd6 30. g3 Kc5 31. Kg2 Bd4 32. Kf1 a5 33. Ke1 b5
34. axb5 Kxb5 35. Kd2 Bc5 36. Kc3 a4 37. Nc1 Bb4+ 38. Kd3 a3 39. g5 Kc5 40. Nb3+
Kb5 41. Nc1 Kc5 42. Nb3+ 1/2-1/2

[Event "AUTO-OPEN-1193"]
[Site "http://www.queenalice.com/game.php?id=630451"]
[Date "2009.8.4"]
[Round "3"]
[White "Ikki_de_Fenix"]
[Black "DaLuz"]
[Result "1-0"]
[WhiteElo "2537"]
[BlackElo "1853"]

1. e4 c5 2. Nf3 Nc6 3. d4 cxd4 4. Nxd4 g6 5. Nc3 Bg7 6. Be3 Nf6 7. Bc4 Na5 8.
Be2 O-O 9. O-O d5 10. exd5 Nxd5 11. Nxd5 Qxd5 12. Nb5 Qxd1 13. Raxd1 Bf5 14. c3
Nc6 15. g4 Be6 16. Nc7 Rad8 17. Nxe6 fxe6 18. Rxd8 Rxd8 19. Kg2 Kf7 20. f4 Rd5
21. Bc4 1-0

[Event "AUTO-OPEN-1193"]
[Site "http://www.queenalice.com/game.php?id=630452"]
[Date "2009.8.4"]
[Round "3"]
[White "DaLuz"]
[Black "Ikki_de_Fenix"]
[Result "0-1"]
[WhiteElo "1851"]
[BlackElo "2538"]

1. e4 e5 2. Nf3 Nc6 3. Bb5 a6 4. Bxc6 dxc6 5. d4 exd4 6. Qxd4 Qxd4 7. Nxd4 c5 8.
Nb3 Be6 9. Be3 b6 10. Nc3 O-O-O 11. O-O f5 12. e5 Ne7 13. Rad1 Rxd1 14. Rxd1 Nc6
15. f4 Be7 16. Kf2 Rd8 17. Rxd8+ Kxd8 18. Ke2 Kd7 19. Kd2 Bc4 20. Ne2 Ke6 0-1

[Event "AUTO-OPEN-1359"]
[Site "http://www.queenalice.com/game.php?id=640522"]
[Date "2009.8.22"]
[Round "2"]
[White "Soncini"]
[Black "Ikki_de_Fenix"]
[Result "0-1"]
[WhiteElo "2079"]
[BlackElo "2536"]

1. e3 Nf6 2. Na3 e5 3. Nf3 e4 4. Ng1 d5 5. d4 Be7 6. c4 O-O 7. f3 Nc6 8. cxd5
Nxd5 9. fxe4 Bb4+ 10. Bd2 Nxe3 11. Bxb4 Nxd1 12. Bxf8 Nxb2 13. d5 Qxf8 14. Nc2
Nb4 15. Rc1 Qc5 16. Kd2 Nxa2 17. Ne2 Qa5+ 18. Ke3 Nxc1 19. Nxc1 Nd1+ 0-1

[Event "AUTO-OPEN-1359"]
[Site "http://www.queenalice.com/game.php?id=640523"]
[Date "2009.8.22"]
[Round "2"]
[White "Ikki_de_Fenix"]
[Black "Soncini"]
[Result "0-1"]
[WhiteElo "2425"]
[BlackElo "2106"]

1. e4 e5 2. Nf3 d6 3. d4 Nd7 4. Bc4 Nb6 5. Bb3 exd4 6. Qxd4 Qf6 7. Qd3 h6 8. Nc3
c6 9. h3 Be6 10. O-O g5 11. Be3 Qe7 12. Bd4 f6 13. Bxb6 axb6 14. Nd5 cxd5 15.
exd5 Qh7 16. Qe2 O-O-O 17. Qxe6+ Qd7 18. Nd4 Qxe6 19. Nxe6 Ne7 20. Nxd8 Kxd8 21.
Rae1 Nf5 22. c3 Bg7 23. Re6 Re8 24. Rfe1 Rxe6 25. Rxe6 Ne7 26. Rxd6+ Kc7 27. Re6
Bf8 0-1

[Event "AUTO-OPEN-1359"]
[Site "http://www.queenalice.com/game.php?id=640528"]
[Date "2009.8.22"]
[Round "2"]
[White "GMLuizFernandes"]
[Black "Ikki_de_Fenix"]
[Result "0-1"]
[WhiteElo "1983"]
[BlackElo "2541"]

1. e4 c5 2. Nf3 d6 3. d4 cxd4 4. Bb5+ Nc6 5. Nxd4 Bd7 6. O-O Nf6 7. Nc3 g6 8.
Be3 Bg7 9. Re1 Ng4 10. Bxc6 bxc6 11. f3 Nxe3 12. Rxe3 Qb6 13. Rd3 Bxd4+ 14. Rxd4
e5 15. Ne2 exd4 16. Nxd4 Qxb2 17. Nb3 O-O 18. Qxd6 Be6 19. Rd1 Bxb3 20. cxb3
Qxa2 21. Qxc6 Qxb3 22. Rd7 Qe3+ 23. Kf1 Rac8 24. Rc7 Rcd8 25. Rd7 Rxd7 26. Qxd7
Rb8 27. Qd1 Rb2 28. Qe1 Qd3+ 29. Kg1 Rb1 0-1

[Event "AUTO-OPEN-1359"]
[Site "http://www.queenalice.com/game.php?id=640529"]
[Date "2009.8.22"]
[Round "2"]
[White "Ikki_de_Fenix"]
[Black "GMLuizFernandes"]
[Result "1-0"]
[WhiteElo "2539"]
[BlackElo "1954"]

1. e4 e5 2. Nf3 Nc6 3. Bb5 Nf6 4. O-O Bc5 5. Nxe5 Nxe5 6. d4 a6 7. Ba4 b5 8. Bb3
Bxd4 9. Qxd4 d6 10. f4 c5 11. Qc3 Neg4 12. e5 dxe5 13. Qxc5 exf4 14. Bxf4 Bb7
15. Nc3 Rc8 16. Rfe1+ Ne4 17. Nxe4 Rxc5 18. Nf6+ Kf8 19. Bd6+ 1-0

[Event "QA-ANNIV-05"]
[Site "http://www.queenalice.com/game.php?id=654513"]
[Date "2009.9.18"]
[Round "2"]
[White "Ikki_de_Fenix"]
[Black "dorszu"]
[Result "1-0"]
[WhiteElo "2540"]
[BlackElo "1613"]

1. e4 e6 2. d4 c5 3. d5 exd5 4. exd5 a6 5. Qe2+ Qe7 6. Bf4 Qxe2+ 7. Bxe2 b5 8.
Nf3 Nf6 9. c4 d6 10. O-O Bf5 11. cxb5 axb5 12. Bxb5+ Bd7 13. Re1+ Be7 14. Bxd6
Bxb5 15. Rxe7+ Kd8 16. Rb7 Nbd7 17. Rxb5 Nxd5 18. Ng5 Re8 19. Nxf7+ Kc8 20. Nd2
Re2 21. Nf3 N7b6 22. Bxc5 Rc2 23. Bxb6 Rxa2 24. Rd1 Nxb6 25. Rxb6 1-0